| 000 | 00736nam a2200205Ia 4500 | ||
|---|---|---|---|
| 003 | GCL | ||
| 008 | 140319s9999 xx 000 0 ara d | ||
| 040 |
_aGCL / _cGCL |
||
| 082 | 0 | 4 |
_a658.4013 _bا ر |
| 100 | 1 | _aالسيد عبده ناجى | |
| 245 | 1 | 0 |
_aالرقابة على الاداء من الناحية العلمية و العملية / _cالسيد عبده ناجى |
| 250 | _aالربعة | ||
| 260 |
_aالقاهرة : _bدار النهضة العربية ، _c1991 |
||
| 300 |
_a495 ص: _bايض ؛ _c24 سم |
||
| 490 |
_aمراجع ادارة الاعمال _v0 |
||
| 650 | 0 | 4 | _aادارة الاعمال |
| 650 | 0 | 4 | _aالرقابة الادارية |
| 650 | 0 | 4 | _aالادارة العلمية |
| 942 |
_2ddc _cBK |
||
| 999 |
_c29661 _d29661 |
||